| 000 | 00934nam a22002175i 4500 | ||
|---|---|---|---|
| 001 | 165526 | ||
| 003 | ES-MaACL | ||
| 005 | 20250911063600.0 | ||
| 008 | 940615s1878 sp |||| | spa d | ||
| 040 |
_aAR _bspa |
||
| 080 | _a913(460) | ||
| 100 | 1 |
_aSoler y Arqués, Carlos, _d1836-1896 _9132802 |
|
| 245 | 1 | 0 |
_aDe Madrid a Panticosa _b: viaje pintoresco a los pueblos históricos, monumentos y sitios legendarios del alto Aragón / _cpor Carlos Soler y Arques. |
| 260 |
_aMadrid : _b[s.n.], _c1878 ( _fImp. de M. Minuesa de los Rios) |
||
| 300 |
_a384 p. ; _c19 cm. |
||
| 530 | _aDisponible también en sitio web. | ||
| 651 | 4 |
_aHuesca (Provincia)- _xDescripción. _9149188 |
|
| 852 |
_aES-MaACL _jD-1926 _z-- Enc. piel grabada _q-- Falto de port. |
||
| 856 |
_uhttp://bibliotecadigitalhispanica.bne.es:80/webclient/DeliveryManager?pid=1837748&custom_att_2=simple_viewer _zIr a la página |
||
| 999 |
_c165526 _d165526 |
||